Normal view MARC view
  • Punjabi Literature

Entry Topical Term

Number of records used in: 12

001 - CONTROL NUMBER

  • control field: 992

003 - CONTROL NUMBER IDENTIFIER

  • control field: NUST

005 - DATE AND TIME OF LATEST TRANSACTION

  • control field: 20170517154024.0

008 - FIXED-LENGTH DATA ELEMENTS

  • fixed length control field: 170517|| aca||aabn | a|a d

040 ## - CATALOGING SOURCE

  • Original cataloging agency: NUST
  • Transcribing agency: NUST

150 ## - HEADING--TOPICAL TERM

  • Topical term or geographic name entry element: Punjabi Literature

670 ## - SOURCE DATA FOUND

  • Source citation: Work cat.: (NUST)0: Baṭ, Muḥammad Yūnus. 955, Tū tū main̲ main̲ /, 1994.
© 2023 Central Library, National University of Sciences and Technology. All Rights Reserved.